Statistiken für Pokemon Typ Wasser Generation 1

Klicken Sie hier um das Quiz zu spielen!

Allgemein

  • Dieses Quiz wurde 503 mal gespielt
  • Das Durchschnittsergebnis liegt bei 28 aus 32

Antwortstatistiken

Nr.TypPokemon% Korrekt
#007WasserSchiggy
100%
#009WasserTurtok
100%
#008WasserSchillok
99%
#130Wasser/FlugGarados
95%
#129WasserKarpador
94%
#120WasserSterndu
93%
#131Wasser/EisLapras
92%
#121Wasser/PsychoStarmie
92%
#072Wasser/GiftTentacha
91%
#073Wasser/GiftTentoxa
91%
#118WasserGoldini
90%
#062Wasser/KampfQuappo
90%
#119WasserGolking
89%
#060WasserQuapsel
89%
#061WasserQuaputzi
89%
#087Wasser/EisJugong
87%
#086WasserJurob
87%
#140Wasser/GesteinKabuto
86%
#141Wasser/GesteinKabutops
85%
#090WasserMuschas
85%
#138Wasser/GesteinAmonitas
84%
#139Wasser/GesteinAmoroso
84%
#091Wasser/EisAustos
84%
#054WasserEnton
83%
#116WasserSeeper
83%
#134WasserAquana
82%
#055WasserEntoron
82%
#117WasserSeemon
82%
#079Wasser/PsychoFlegmon
77%
#080Wasser/PsychoLahmus
77%
#099WasserKingler
73%
#098WasserKrabby
73%

Verteilung der Resultate

Perzentil nach korrekt beantworteten Fragen

Anzahl Personen mit jedem Resultat

Ihre Resultats-Entwicklung

Sie haben dieses Quiz noch nicht gespielt